000 00763nam a2200205Ii 4500
003 JO-AjNU
008 230605s9999||||xx |||||||||||||| ||und||
017 _a1988/124
040 _aJO-AjNU
_bara
_erda
_cJO-AjNU
041 _aara
050 1 4 _aPJ7698.A5.A17 1988
100 3 _aتقديم وضبط وشرح عبود أحمد الخزرجي ,
_eauthor
_935449
245 0 0 _aروائع الحكم من أشعار الإمام علي بن أبي طالب
264 3 1 _aبغداد: المكتبة العالمية،1988
300 _a226ص
336 _atext
_btxt
_2rdacontent
337 _aunmediated
_bn
_2rdamedia
338 _avolume
_bnc
_2rdacarrier
650 4 _aالشعر العربي - عصر صدر الإسلام - حكم الإمام علي
_935450
999 _aA14637
_c18205
_d18205